La investigación científica y la elaboración de la tesis en derecho (Registro nro. 25495)

Detalles MARC
000 -Cabecera
Campo de control interno 00748nam a22002177a 4500
005 - Fecha y hora del registro
control field 20260428143204.0
008 - Elementos de Longitud Fija
fixed length control field 260427b |||||||| |||| 00| 0 spa d
082 ## - DEWEY y NOTACIÓN INTERNA
Dewey 340.072
Notación Interna P23
100 ## - AUTOR
Autor denominación Pantigoso Bustamante, Victor Augusto Benjamín
Término de relación autor
245 ## - TÍTULO DE MATERIAL BIBLIOGRÁFICO
Título La investigación científica y la elaboración de la tesis en derecho
260 ## - CIUDAD, EDITORIAL, AÑO
Ciudad Arequipa :
Nombre de la Editorial [Editor no identificado],
Año 2009
300 ## - DESCRIPCIÓN
N° Páginas 193 páginas :
Otros detalles gráficos, cuadros ;
Dimensiones 20 cm.
440 ## - MENCIÓN DE SERIE
Título de la Serie ;
650 ## - TEMAS
Temas Ciencias Sociales
653 ## - DESCRIPTORES
Lenguajes no controlado Derecho - Investigación - Metodología; Derecho - Tesis
654 ## - PROGRAMAS
Programa Dpto. de Derecho y Ciencia Política
700 ## - OTROS AUTORES
Otros autores ;
856 ## - URL - UBICACIÓN
URI/URL: Enlace exacto del recurso <a href="https://itmsp.museknowledge.com/UCSP?groupID=2">https://itmsp.museknowledge.com/UCSP?groupID=2</a>
Nota pública: Versión digital <a href="Véase además: Biblioteca Digital">Véase además: Biblioteca Digital</a>
942 ## - ELEMENTOS DE KOHA
Tipo de documento Libro
Nombre del creador Justo Noguera
Código de catalogador Margarita Torres
Suppress in OPAC No
Esquema de clasificación Dewey Decimal Classification
Existencias
Codigo completo Registro Colección Copia número Disponibilidad Tipo de préstamo Biblioteca Actual Procedencia (Biblioteca) Ubicacón Fecha Ingreso Tipo de Adquisición Observación Date last seen Total checkouts Price effective from Tipo de Item Estado del Material Fuente de Clasificación Damaged status Withdrawn status
340.072 P23 1088641 Universidad Católica San Pablo 1 No disponible Proceso Víctor Andrés Belaunde Víctor Andrés Belaunde Primer piso 27/04/2026 Donación Derecho 27/04/2026   27/04/2026 Libro Bueno Dewey Decimal Classification   Withdrawn